[Event "2016 NSW Open"]
[Site "?"]
[Date "2016.06.13"]
[Round "1.1"]
[White "Watson, Robert"]
[Black "Zhao, Zong-Yuan"]
[Result "0-1"]
[LiveChessVersion "1.4.4"]
[BlackElo "2541"]
[WhiteElo "1810"]

1. c4 {[%clk 1:30:55]} Nf6 {[%clk 1:30:52]} 2. g3 {[%clk 1:31:18]} c6
{[%clk 1:29:54]} 3. Bg2 {[%clk 1:31:07]} d5 {[%clk 1:30:20]} 4. d4
{[%clk 1:27:37]} dxc4 {[%clk 1:28:58]} 5. Nf3 {[%clk 1:25:10]} b5
{[%clk 1:28:30]} 6. a4 {[%clk 1:23:17]} Bb7 {[%clk 1:24:15]} 7. Ne5
{[%clk 1:22:42]} a6 {[%clk 1:24:09]} 8. O-O {[%clk 1:21:14]} Nfd7
{[%clk 1:23:23]} 9. Nc3 {[%clk 1:17:21]} Qc8 {[%clk 1:17:53]} 10. axb5
{[%clk 1:11:54]} cxb5 {[%clk 1:18:05]} 11. e4 {[%clk 1:09:53]} Nxe5
{[%clk 1:17:47]} 12. dxe5 {[%clk 1:10:10]} e6 {[%clk 1:17:48]} 13. Be3
{[%clk 1:08:44]} Nd7 {[%clk 1:17:27]} 14. f4 {[%clk 1:07:28]} Bc5
{[%clk 1:17:36]} 15. Re1 {[%clk 1:06:24]} O-O {[%clk 1:17:28]} 16. Kh1
{[%clk 1:04:32]} Qc7 {[%clk 1:11:17]} 17. Bxc5 {[%clk 1:00:27]} Nxc5
{[%clk 1:09:49]} 18. Qd6 {[%clk 1:00:22]} Rac8 {[%clk 1:10:13]} 19. Red1
{[%clk 0:57:35]} Nd3 {[%clk 1:08:48]} 20. Rd2 {[%clk 0:57:52]} g5
{[%clk 1:08:34]} 21. f5 {[%clk 0:53:06]} Rfd8 {[%clk 1:05:12]} 22. Qxc7
{[%clk 0:52:41]} Rxc7 {[%clk 1:05:25]} 23. fxe6 {[%clk 0:52:27]} fxe6
{[%clk 1:05:51]} 24. Bh3 {[%clk 0:52:19]} Re8 {[%clk 1:05:50]} 25. Rf1
{[%clk 0:51:12]} b4 {[%clk 1:05:01]} 26. Na2 {[%clk 0:50:37]} Bxe4+
{[%clk 1:05:10]} 27. Kg1 {[%clk 0:50:45]} Rc5 {[%clk 1:03:26]} 28. Nc1
{[%clk 0:47:54]} Rxe5 {[%clk 1:02:34]} 29. Nxd3 {[%clk 0:48:06]} Bxd3
{[%clk 1:02:54]} 30. Rf6 {[%clk 0:47:24]} Kg7 {[%clk 1:01:54]} 31. Rf3
{[%clk 0:46:43]} Rf8 {[%clk 1:01:22]} 32. Rxf8 {[%clk 0:46:14]} Kxf8
{[%clk 1:01:51]} 33. Rf2+ {[%clk 0:46:07]} Ke7 {[%clk 1:02:14]} 34. Bg4
{[%clk 0:46:10]} c3 {[%clk 1:02:25]} 35. bxc3 {[%clk 0:46:18]} bxc3
{[%clk 1:02:50]} 36. Ra2 {[%clk 0:46:07]} Re1+ {[%clk 1:02:52]} 37. Kf2
{[%clk 0:46:29]} Rf1+ {[%clk 1:03:19]} 38. Kg2 {[%clk 0:46:40]} Rb1
{[%clk 1:03:28]} 0-1

[Event "2016 NSW Open"]
[Site "?"]
[Date "2016.06.13"]
[Round "1.2"]
[White "Smirnov, Anton"]
[Black "Cooper, Nicholas"]
[Result "1-0"]
[LiveChessVersion "1.4.4"]
[BlackElo "1808"]
[WhiteElo "2475"]

1. e4 {[%clk 1:30:46]} d5 {[%clk 1:30:52]} 2. exd5 {[%clk 1:31:04]} Qxd5
{[%clk 1:30:51]} 3. Nc3 {[%clk 1:31:07]} Qa5 {[%clk 1:31:03]} 4. Bc4
{[%clk 1:28:41]} Nf6 {[%clk 1:28:39]} 5. Nge2 {[%clk 1:24:02]} c6
{[%clk 1:23:52]} 6. O-O {[%clk 1:22:21]} Bg4 {[%clk 1:22:18]} 7. d4
{[%clk 1:18:05]} e6 {[%clk 1:14:32]} 8. h3 {[%clk 1:14:29]} Bh5 {[%clk 1:12:56]}
9. Qe1 {[%clk 1:06:00]} Bxe2 {[%clk 1:10:45]} 10. Qxe2 {[%clk 1:05:30]} Nd5
{[%clk 1:00:57]} 11. Nxd5 {[%clk 0:57:14]} cxd5 {[%clk 1:01:07]} 12. Bd2
{[%clk 0:57:06]} Qd8 {[%clk 1:00:21]} 13. Bb5+ {[%clk 0:57:24]} Nd7
{[%clk 0:54:13]} 14. c4 {[%clk 0:50:01]} a6 {[%clk 0:51:10]} 15. Ba4
{[%clk 0:49:57]} dxc4 {[%clk 0:46:51]} 16. d5 {[%clk 0:50:05]} b5
{[%clk 0:42:12]} 17. dxe6 {[%clk 0:50:07]} fxe6 {[%clk 0:42:13]} 18. Qxe6+
{[%clk 0:49:16]} Be7 {[%clk 0:40:34]} 19. Bb4 {[%clk 0:46:07]} a5
{[%clk 0:35:55]} 20. Bxe7 {[%clk 0:45:49]} Qxe7 {[%clk 0:36:03]} 21. Qd5
{[%clk 0:45:43]} Nb6 {[%clk 0:30:59]} 22. Qxb5+ {[%clk 0:45:55]} Qd7
{[%clk 0:30:43]} 23. Qe5+ {[%clk 0:46:17]} 1-0

[Event "2016 NSW Open"]
[Site "?"]
[Date "2016.06.13"]
[Round "1.3"]
[White "Ireland, Stephen"]
[Black "Illingworth, Max"]
[Result "0-1"]
[LiveChessVersion "1.4.4"]
[BlackElo "2458"]
[WhiteElo "1799"]

1. e4 {[%clk 1:30:42]} e6 {[%clk 1:30:48]} 2. d4 {[%clk 1:31:03]} d5
{[%clk 1:31:01]} 3. Bd3 {[%clk 1:29:46]} c5 {[%clk 1:31:03]} 4. c3
{[%clk 1:28:31]} dxe4 {[%clk 1:30:55]} 5. Bxe4 {[%clk 1:28:42]} Nf6
{[%clk 1:31:19]} 6. Bf3 {[%clk 1:28:01]} Nc6 {[%clk 1:31:33]} 7. Ne2
{[%clk 1:27:02]} e5 {[%clk 1:26:57]} 8. Bxc6+ {[%clk 1:21:57]} bxc6
{[%clk 1:26:06]} 9. dxe5 {[%clk 1:22:19]} Qxd1+ {[%clk 1:26:28]} 10. Kxd1
{[%clk 1:22:40]} Ng4 {[%clk 1:26:55]} 11. Ke1 {[%clk 1:19:20]} Nxe5
{[%clk 1:26:34]} 12. Bf4 {[%clk 1:05:13]} Nd3+ {[%clk 1:26:27]} 13. Kd2
{[%clk 1:05:35]} Bf5 {[%clk 1:25:47]} 14. Ke3 {[%clk 0:47:03]} O-O-O
{[%clk 1:24:05]} 15. Nd2 {[%clk 0:35:30]} g5 {[%clk 1:19:54]} 0-1

[Event "2016 NSW Open"]
[Site "?"]
[Date "2016.06.13"]
[Round "1.4"]
[White "Bjelobrk, Igor"]
[Black "Wentworth, Steven"]
[Result "1-0"]
[LiveChessVersion "1.4.4"]
[BlackElo "1789"]
[WhiteElo "2389"]

1. Nf3 {[%clk 1:30:55]} Nf6 {[%clk 1:30:43]} 2. c4 {[%clk 1:31:15]} g6
{[%clk 1:30:41]} 3. Nc3 {[%clk 1:31:39]} Bg7 {[%clk 1:31:02]} 4. e4
{[%clk 1:32:02]} d6 {[%clk 1:31:20]} 5. d4 {[%clk 1:32:25]} O-O {[%clk 1:31:01]}
6. h3 {[%clk 1:32:50]} Nbd7 {[%clk 1:30:47]} 7. Bg5 {[%clk 1:33:09]} h6
{[%clk 1:29:44]} 8. Be3 {[%clk 1:33:33]} e5 {[%clk 1:29:02]} 9. d5
{[%clk 1:33:54]} Nc5 {[%clk 1:26:55]} 10. Nd2 {[%clk 1:34:07]} a5
{[%clk 1:26:12]} 11. g4 {[%clk 1:34:30]} Ne8 {[%clk 1:22:26]} 12. h4
{[%clk 1:34:07]} Bd7 {[%clk 1:21:04]} 13. Be2 {[%clk 1:29:12]} c6
{[%clk 1:19:14]} 14. h5 {[%clk 1:28:52]} g5 {[%clk 1:18:35]} 15. f3
{[%clk 1:28:44]} Rb8 {[%clk 1:12:59]} 16. a3 {[%clk 1:27:55]} a4 {[%clk 1:11:16]}
17. Bxc5 {[%clk 1:27:08]} dxc5 {[%clk 1:11:12]} 18. Nxa4 {[%clk 1:27:27]} Qa5
{[%clk 1:09:21]} 19. Nc3 {[%clk 1:27:41]} Qc7 {[%clk 1:06:42]} 20. Kf2
{[%clk 1:27:07]} Nd6 {[%clk 1:06:15]} 21. Kg2 {[%clk 1:27:00]} Rfd8
{[%clk 1:02:43]} 22. Qc2 {[%clk 1:26:38]} b5 {[%clk 1:01:30]} 23. Rhd1
{[%clk 1:23:01]} b4 24. Ncb1 {[%clk 1:00:49]} cxd5 {[%clk 0:54:56]} 25. cxd5
{[%clk 0:58:39]} b3 {[%clk 0:47:58]} 26. Qc1 {[%clk 0:58:34]} c4 27. Nc3 Rdc8
{[%clk 0:39:49]} 28. Nf1 {[%clk 0:58:46]} Nb5 {[%clk 0:36:54]} 29. Nxb5
{[%clk 0:58:43]} Rxb5 {[%clk 0:35:57]} 30. Qc3 {[%clk 0:58:33]} Rc5
{[%clk 0:34:38]} 31. Rac1 {[%clk 0:58:26]} Kh7 {[%clk 0:30:49]} 32. Ne3
{[%clk 0:55:42]} Bf8 {[%clk 0:29:24]} 33. d6 {[%clk 0:46:48]} Bxd6
{[%clk 0:27:54]} 34. Qd2 {[%clk 0:45:33]} c3 {[%clk 0:25:27]} 35. bxc3
{[%clk 0:34:52]} Rxc3 {[%clk 0:25:22]} 36. Nd5 {[%clk 0:32:16]} Rc2
{[%clk 0:23:23]} 37. Nxc7 {[%clk 0:26:56]} Rxd2 {[%clk 0:23:43]} 38. Rxd2
{[%clk 0:27:17]} Bxa3 {[%clk 0:21:20]} 39. Rxd7 {[%clk 0:26:38]} Bxc1
{[%clk 0:21:16]} 40. Bc4 {[%clk 0:25:43]} b2 {[%clk 0:20:44]} 41. Rxf7+
{[%clk 0:25:02]} Kg8 {[%clk 0:20:48]} 42. Rd7+ {[%clk 0:25:19]} Kf8
{[%clk 0:20:28]} 43. Ba2 {[%clk 0:25:33]} Rb8 {[%clk 0:19:36]} 44. Bb1
{[%clk 0:22:40]} Rb3 {[%clk 0:18:31]} 45. Rd1 {[%clk 0:22:24]} Ra3
{[%clk 0:17:46]} 46. Nd5 {[%clk 0:22:28]} Ra1 {[%clk 0:17:56]} 47. Nc3
{[%clk 0:22:44]} Ra3 {[%clk 0:17:56]} 48. Rd3 Rb3 1-0

[Event "2016 NSW Open"]
[Site "?"]
[Date "2016.06.13"]
[Round "1.5"]
[White "Lin, Kerry"]
[Black "Jones, Richard"]
[Result "0-1"]
[LiveChessVersion "1.4.4"]
[BlackElo "2384"]
[WhiteElo "1788"]

1. e4 {[%clk 1:30:49]} e5 {[%clk 1:30:56]} 2. Nf3 {[%clk 1:30:31]} Nc6
{[%clk 1:31:21]} 3. Bc4 {[%clk 1:29:06]} Nf6 {[%clk 1:31:42]} 4. d3
{[%clk 1:29:00]} Be7 {[%clk 1:31:57]} 5. Nc3 {[%clk 1:29:07]} d6 {[%clk 1:31:04]}
6. h3 {[%clk 1:26:52]} Na5 {[%clk 1:28:21]} 7. Bb3 {[%clk 1:23:53]} Nxb3
{[%clk 1:28:20]} 8. axb3 {[%clk 1:24:40]} O-O {[%clk 1:28:26]} 9. O-O
{[%clk 1:23:11]} h6 {[%clk 1:25:06]} 10. d4 {[%clk 1:20:57]} exd4
{[%clk 1:22:16]} 11. Qxd4 {[%clk 1:19:11]} a6 {[%clk 1:17:06]} 12. Bf4
{[%clk 1:05:31]} Be6 {[%clk 1:16:03]} 13. Qd3 {[%clk 1:00:31]} Re8
{[%clk 1:12:27]} 14. Nd4 {[%clk 0:53:21]} Bd7 {[%clk 1:11:56]} 15. Nce2
{[%clk 0:46:41]} Bf8 {[%clk 1:08:37]} 16. Ng3 {[%clk 0:42:04]} g6
{[%clk 1:08:00]} 17. Rfe1 {[%clk 0:37:21]} Bg7 {[%clk 1:08:02]} 18. Bd2
{[%clk 0:30:52]} d5 {[%clk 0:56:24]} 19. e5 {[%clk 0:29:46]} Ne4 {[%clk 0:56:08]}
20. f4 {[%clk 0:13:36]} Nxg3 {[%clk 0:54:28]} 21. Qxg3 {[%clk 0:13:52]} c5
{[%clk 0:54:24]} 22. Nf3 {[%clk 0:12:34]} Bf5 {[%clk 0:53:49]} 23. c3
{[%clk 0:11:18]} Qb6 {[%clk 0:53:35]} 24. Ra3 {[%clk 0:09:58]} Kh7
{[%clk 0:49:02]} 25. Be3 {[%clk 0:09:45]} Qc6 {[%clk 0:48:55]} 26. Qf2
{[%clk 0:07:03]} b6 {[%clk 0:48:56]} 27. b4 {[%clk 0:05:30]} cxb4
{[%clk 0:38:37]} 28. cxb4 {[%clk 0:04:27]} Qc4 {[%clk 0:38:21]} 29. Bxb6
{[%clk 0:01:53]} Qxf4 {[%clk 0:37:26]} 30. Qc5 {[%clk 0:00:45]} Be4
{[%clk 0:36:38]} 31. Bc7 {[%clk 0:00:37]} Rac8 {[%clk 0:36:03]} 32. Qb6
{[%clk 0:00:40]} Qg3 {[%clk 0:33:17]} 33. Kf1 {[%clk 0:00:32]} Bxe5
{[%clk 0:30:00]} 34. Bxe5 {[%clk 0:00:37]} Rxe5 {[%clk 0:30:26]} 35. Qf2
{[%clk 0:00:37]} Qxf2+ {[%clk 0:30:05]} 36. Kxf2 {[%clk 0:00:59]} Re6
{[%clk 0:30:05]} 37. Rc3 {[%clk 0:00:48]} Rb8 {[%clk 0:30:10]} 38. Rec1
{[%clk 0:00:31]} Rxb4 {[%clk 0:30:22]} 39. b3 {[%clk 0:00:33]} Kg7
{[%clk 0:29:37]} 40. Kg3 {[%clk 0:00:31]} d4 {[%clk 0:27:29]} 41. Rc4
{[%clk 0:00:00]} 0-1

[Event "2016 NSW Open"]
[Site "?"]
[Date "2016.06.13"]
[Round "1.6"]
[White "Brown, Andrew"]
[Black "Marsh, David"]
[Result "1-0"]
[LiveChessVersion "1.4.4"]
[BlackElo "1781"]
[WhiteElo "2199"]

1. d4 d5 2. c4 c6 3. Nf3 Nf6 4. Nc3 a6 5. a4 e6 6. a5 Bb4 7. Qa4 Bxc3+ 8. bxc3
O-O 9. c5 Ne4 10. Qc2 Nd7 11. Bf4 f6 12. e3 e5 13. Bg3 Nxg3 14. hxg3 e4 15. Nd2
f5 16. f4 Nf6 17. Be2 Be6 18. Qa2 Qe8 19. Rb1 Qg6 20. Kf2 Rf7 21. Rb6 Rc7 22. Qb3
Qf7 23. Rb1 Ra7 24. Qd1 h6 25. Qh1 Kf8 26. Qh4 Qe7 27. R1b2 Nd7 28. c4 Qxh4 29.
gxh4 Ke7 30. cxd5 cxd5 31. Nb1 Nb8 32. Nc3 Nc6 33. g4 Rd7 34. gxf5 Bxf5 35. Ra2
g6 36. Bd1 Be6 37. Ba4 Rc7 38. Bxc6 bxc6 39. Rab2 Bc8 40. Na2 Bb7 41. Nb4 Kf7 42.
Rb1 Kg7 43. Kg3 h5 44. f5 Kh6 45. fxg6 Rg7 46. Kf4 Rxg6 47. Nxd5 cxd5 48. Rxb7
Rxb7 49. Rxb7 Rf6+ 50. Ke5 Rf3 51. Rb3 Rh3 52. c6 1-0

[Event "2016 NSW Open"]
[Site "?"]
[Date "2016.06.13"]
[Round "2.1"]
[White "Zhao, Zong-Yuan"]
[Black "Goh, Sean Christian"]
[Result "1-0"]
[LiveChessVersion "1.4.4"]
[BlackElo "1918"]
[WhiteElo "2541"]

1. d4 {[%clk 1:30:58]} d5 {[%clk 1:30:58]} 2. c4 {[%clk 1:31:25]} e6
{[%clk 1:31:22]} 3. Nc3 {[%clk 1:31:51]} Nf6 {[%clk 1:31:48]} 4. cxd5
{[%clk 1:32:16]} exd5 {[%clk 1:32:11]} 5. Bg5 {[%clk 1:32:41]} Be6
{[%clk 1:32:18]} 6. e3 {[%clk 1:32:48]} Be7 {[%clk 1:31:56]} 7. Bd3
{[%clk 1:32:49]} c6 {[%clk 1:32:04]} 8. Nge2 {[%clk 1:32:58]} Nbd7
{[%clk 1:32:08]} 9. O-O {[%clk 1:32:45]} h6 {[%clk 1:32:09]} 10. Bh4
{[%clk 1:33:10]} O-O {[%clk 1:30:29]} 11. f3 {[%clk 1:33:23]} c5 {[%clk 1:30:10]}
12. Qd2 {[%clk 1:30:58]} Rc8 {[%clk 1:28:07]} 13. Rad1 {[%clk 1:28:20]} cxd4
{[%clk 1:27:07]} 14. Nxd4 {[%clk 1:28:15]} Ne5 {[%clk 1:27:02]} 15. Bb1
{[%clk 1:17:17]} Nc4 {[%clk 1:26:24]} 16. Qc2 {[%clk 1:16:46]} Nxe3
{[%clk 1:21:29]} 17. Qd3 {[%clk 1:17:04]} Nxd1 {[%clk 1:21:45]} 18. Bxf6
{[%clk 1:17:06]} g6 {[%clk 1:22:09]} 19. Nxe6 {[%clk 1:09:57]} Qb6+
{[%clk 1:21:28]} 20. Bd4 {[%clk 1:08:00]} Qxe6 {[%clk 1:21:38]} 21. Rxd1
{[%clk 1:08:22]} b6 {[%clk 1:19:45]} 22. a3 {[%clk 1:07:41]} Rc4 {[%clk 1:17:17]}
23. Bf2 {[%clk 1:05:09]} Bc5 {[%clk 1:14:11]} 24. Qxd5 {[%clk 1:02:34]} Qxd5
{[%clk 1:12:56]} 25. Nxd5 {[%clk 1:01:55]} Bxf2+ {[%clk 1:12:48]} 26. Kxf2
{[%clk 1:02:23]} Kg7 {[%clk 1:13:02]} 27. Nc3 {[%clk 1:02:24]} Rfc8
{[%clk 1:11:55]} 28. Be4 {[%clk 1:02:24]} R4c5 {[%clk 1:11:11]} 29. g4
{[%clk 0:58:43]} h5 {[%clk 1:09:01]} 30. h4 {[%clk 0:56:25]} hxg4
{[%clk 1:08:52]} 31. fxg4 {[%clk 0:56:54]} Re8 {[%clk 1:08:18]} 32. Kf3
{[%clk 0:56:51]} Rh8 {[%clk 1:08:33]} 33. Rd7 {[%clk 0:53:22]} Rhc8
{[%clk 1:05:17]} 34. Rxa7 {[%clk 0:53:28]} R8c7 {[%clk 1:05:27]} 35. Ra6
{[%clk 0:53:17]} f5 {[%clk 1:05:28]} 36. gxf5 {[%clk 0:53:42]} gxf5
{[%clk 1:05:47]} 37. Bd5 {[%clk 0:53:53]} b5 {[%clk 1:04:16]} 38. h5
{[%clk 0:46:46]} Rd7 {[%clk 1:02:33]} 39. Rg6+ {[%clk 0:46:57]} Kh7
{[%clk 1:02:34]} 40. Bg8+ {[%clk 0:47:14]} Kh8 {[%clk 1:02:43]} 41. Be6
{[%clk 0:47:29]} Rd3+ {[%clk 1:02:33]} 42. Kf4 {[%clk 0:47:38]} Rd4+
{[%clk 1:01:45]} 43. Kg5 {[%clk 0:47:31]} Rg4+ {[%clk 1:01:52]} 44. Kf6
{[%clk 0:47:44]} Rxg6+ {[%clk 1:02:06]} 45. hxg6 {[%clk 0:48:08]} Rc7
{[%clk 1:01:43]} 46. Nd5 {[%clk 0:48:07]} Rg7 {[%clk 1:01:49]} 47. Bf7
{[%clk 0:48:05]} b4 {[%clk 1:01:50]} 48. Kxf5 {[%clk 0:48:07]} bxa3
{[%clk 1:01:42]} 49. bxa3 {[%clk 0:48:35]} Rxf7+ {[%clk 1:01:28]} 50. gxf7
{[%clk 0:49:00]} Kg7 {[%clk 1:01:50]} 51. Ke6 {[%clk 0:49:25]} Kf8
{[%clk 1:02:15]} 52. a4 1-0

[Event "2016 NSW Open"]
[Site "?"]
[Date "2016.06.13"]
[Round "2.2"]
[White "Willathgamuwa, Kevin"]
[Black "Smirnov, Anton"]
[Result "1/2-1/2"]
[LiveChessVersion "1.4.4"]
[BlackElo "2475"]
[WhiteElo "1905"]

1. Nf3 {[%clk 1:26:36]} d5 {[%clk 1:29:25]} 2. g3 {[%clk 1:27:01]} c6
{[%clk 1:29:22]} 3. Bg2 {[%clk 1:27:25]} Bg4 {[%clk 1:29:43]} 4. d3
{[%clk 1:27:47]} Nd7 {[%clk 1:29:22]} 5. Nbd2 {[%clk 1:26:48]} Ngf6
{[%clk 1:28:17]} 6. O-O {[%clk 1:26:45]} e5 {[%clk 1:25:49]} 7. e4
{[%clk 1:24:05]} Bc5 {[%clk 1:22:41]} 8. c3 {[%clk 1:21:03]} O-O {[%clk 1:21:21]}
9. Qc2 {[%clk 1:20:48]} Re8 {[%clk 1:15:14]} 10. Re1 {[%clk 1:20:30]} a5
{[%clk 1:08:21]} 11. Nf1 {[%clk 1:10:07]} Qb6 {[%clk 1:06:43]} 12. Be3
{[%clk 1:07:32]} Bxf3 {[%clk 1:03:24]} 13. Bxc5 {[%clk 1:00:53]} Nxc5
{[%clk 1:00:43]} 14. Bxf3 {[%clk 1:01:10]} Rad8 {[%clk 0:58:46]} 15. Rad1
{[%clk 0:59:17]} d4 {[%clk 0:50:15]} 16. Rd2 {[%clk 0:46:19]} Rd6
{[%clk 0:44:57]} 17. Red1 {[%clk 0:44:18]} Red8 {[%clk 0:43:58]} 18. Kg2
{[%clk 0:43:00]} Qb5 {[%clk 0:42:02]} 19. Be2 {[%clk 0:42:35]} h6
{[%clk 0:37:44]} 20. h3 {[%clk 0:41:02]} a4 {[%clk 0:35:21]} 21. Nh2
{[%clk 0:33:16]} Ne6 {[%clk 0:32:21]} 22. Nf3 {[%clk 0:32:23]} Qa5
{[%clk 0:31:09]} 23. Rc1 {[%clk 0:25:56]} Nd7 {[%clk 0:29:40]} 24. Bd1
{[%clk 0:22:49]} Nb6 {[%clk 0:28:48]} 25. c4 {[%clk 0:20:33]} Qc5
{[%clk 0:27:58]} 26. b3 {[%clk 0:19:02]} axb3 {[%clk 0:26:58]} 27. axb3
{[%clk 0:19:29]} Nd7 {[%clk 0:26:17]} 28. Ra1 {[%clk 0:13:34]} Nc7
{[%clk 0:23:51]} 29. Ra4 {[%clk 0:10:43]} Rf6 {[%clk 0:21:43]} 30. b4
{[%clk 0:10:56]} Qe7 {[%clk 0:21:52]} 31. Qb1 {[%clk 0:07:57]} Na6
{[%clk 0:20:56]} 32. Rb2 {[%clk 0:07:26]} c5 {[%clk 0:20:07]} 33. b5
{[%clk 0:07:18]} Nb4 {[%clk 0:20:34]} 34. Be2 {[%clk 0:06:57]} Nf8
{[%clk 0:20:16]} 35. Qc1 {[%clk 0:06:18]} Qc7 {[%clk 0:19:39]} 36. Nh4
{[%clk 0:05:50]} Re6 {[%clk 0:19:36]} 37. Rb1 {[%clk 0:05:33]} Ree8
{[%clk 0:19:35]} 38. Rba1 {[%clk 0:05:51]} Qb6 {[%clk 0:17:44]} 39. Qd2
{[%clk 0:05:45]} Qf6 {[%clk 0:17:46]} 40. Nf5 {[%clk 0:05:45]} Rb8
{[%clk 0:16:06]} 41. Ra7 {[%clk 0:05:22]} Red8 {[%clk 0:15:52]} 42. R7a4
{[%clk 0:05:20]} Ne6 {[%clk 0:16:08]} 43. Ra7 {[%clk 0:05:25]} Kf8
{[%clk 0:15:25]} 44. R7a4 {[%clk 0:04:38]} Qg5 {[%clk 0:15:03]} 45. Qd1
{[%clk 0:03:15]} h5 {[%clk 0:12:52]} 46. Nh4 {[%clk 0:03:01]} g6 {[%clk 0:13:17]}
47. Nf3 {[%clk 0:03:18]} Qf6 {[%clk 0:13:45]} 48. h4 {[%clk 0:03:28]} Kg7
{[%clk 0:13:43]} 49. Qd2 {[%clk 0:03:48]} Nc7 {[%clk 0:13:38]} 50. Qg5
{[%clk 0:03:48]} Re8 {[%clk 0:13:37]} 51. Qxf6+ {[%clk 0:04:12]} Kxf6
{[%clk 0:14:05]} 52. Nd2 {[%clk 0:04:04]} Ke7 {[%clk 0:13:32]} 53. f4
{[%clk 0:01:55]} Nc2 {[%clk 0:13:12]} 54. Rc1 {[%clk 0:02:14]} Ne3+
{[%clk 0:13:34]} 55. Kf2 {[%clk 0:01:41]} f6 {[%clk 0:07:00]} 56. Nf1
{[%clk 0:01:54]} Nxf1 {[%clk 0:05:09]} 57. Bxf1 {[%clk 0:02:16]} Ra8
{[%clk 0:05:22]} 58. Rca1 {[%clk 0:02:37]} Rxa4 {[%clk 0:05:51]} 59. Rxa4
{[%clk 0:03:04]} Ra8 {[%clk 0:06:12]} 60. Rxa8 {[%clk 0:03:15]} Nxa8
{[%clk 0:06:41]} 61. f5 {[%clk 0:03:01]} g5 {[%clk 0:05:50]} 62. Be2
{[%clk 0:03:14]} g4 {[%clk 0:04:04]} 63. Ke1 {[%clk 0:03:37]} Nb6
{[%clk 0:04:31]} 64. Bd1 {[%clk 0:04:02]} Kd6 {[%clk 0:03:59]} 65. Kd2
{[%clk 0:04:24]} Kc7 {[%clk 0:03:50]} 66. Kc2 {[%clk 0:04:03]} Nc8
{[%clk 0:02:50]} 67. Kb3 {[%clk 0:04:09]} Kb6 {[%clk 0:03:10]} 68. Be2
{[%clk 0:04:19]} Ka5 {[%clk 0:03:02]} 69. Ka3 {[%clk 0:04:43]} Nd6
{[%clk 0:02:26]} 70. Bd1 {[%clk 0:04:45]} Kb6 {[%clk 0:02:03]} 71. Kb3
{[%clk 0:04:59]} Kc7 {[%clk 0:02:23]} 72. Be2 {[%clk 0:05:19]} b6
{[%clk 0:02:48]} 73. Ka4 {[%clk 0:05:27]} Kd7 {[%clk 0:03:10]} 74. Kb3
{[%clk 0:05:34]} Ke7 {[%clk 0:02:30]} 1/2-1/2

[Event "2016 NSW Open"]
[Site "?"]
[Date "2016.06.13"]
[Round "2.3"]
[White "Illingworth, Max"]
[Black "Saleh, Akef"]
[Result "1-0"]
[LiveChessVersion "1.4.4"]
[BlackElo "1904"]
[WhiteElo "2458"]

1. e4 {[%clk 1:30:57]} c5 {[%clk 1:30:43]} 2. Nf3 {[%clk 1:31:17]} d6
{[%clk 1:31:04]} 3. d4 {[%clk 1:31:30]} cxd4 {[%clk 1:31:26]} 4. Nxd4
{[%clk 1:31:52]} Nf6 {[%clk 1:31:49]} 5. Nc3 {[%clk 1:32:11]} a6 {[%clk 1:31:58]}
6. h3 {[%clk 1:32:21]} e6 {[%clk 1:31:35]} 7. g4 {[%clk 1:32:46]} Nc6
{[%clk 1:30:56]} 8. Be3 {[%clk 1:32:35]} Be7 {[%clk 1:26:34]} 9. g5
{[%clk 1:32:30]} Nd7 {[%clk 1:26:22]} 10. h4 {[%clk 1:32:48]} Qc7
{[%clk 1:26:07]} 11. Be2 {[%clk 1:31:18]} b5 {[%clk 1:23:59]} 12. Nxc6
{[%clk 1:31:10]} Qxc6 {[%clk 1:24:07]} 13. Qd4 {[%clk 1:31:22]} e5
{[%clk 1:21:04]} 14. Qd2 {[%clk 1:31:31]} Nb6 {[%clk 1:12:04]} 15. Bxb6
{[%clk 1:31:14]} Qxb6 {[%clk 1:12:23]} 16. Nd5 {[%clk 1:31:27]} Qc6
{[%clk 1:08:25]} 17. c4 {[%clk 1:30:15]} bxc4 {[%clk 1:04:59]} 18. Rc1
{[%clk 1:30:28]} Bd8 {[%clk 1:03:41]} 19. Bxc4 {[%clk 1:30:16]} Qb7
{[%clk 1:01:50]} 20. h5 {[%clk 1:29:56]} Be6 {[%clk 1:01:26]} 21. Ke2
{[%clk 1:23:14]} Ra7 {[%clk 0:57:39]} 22. Rhg1 {[%clk 1:20:19]} Ra8
{[%clk 0:55:08]} 23. Rg3 {[%clk 1:20:10]} Rc8 {[%clk 0:53:51]} 24. Ra3
{[%clk 1:11:17]} Ra8 {[%clk 0:50:44]} 25. f3 {[%clk 1:05:44]} h6 {[%clk 0:49:50]}
26. gxh6 {[%clk 1:01:51]} gxh6 {[%clk 0:50:16]} 27. Rb3 {[%clk 1:01:13]} Qa7
{[%clk 0:47:18]} 28. Ne3 {[%clk 1:00:25]} Be7 {[%clk 0:43:39]} 29. Rbc3
{[%clk 0:55:02]} Qd4 {[%clk 0:39:57]} 30. Rd3 {[%clk 0:54:54]} Qa7
{[%clk 0:39:15]} 31. Bxe6 {[%clk 0:52:15]} fxe6 {[%clk 0:39:28]} 32. Qa5
{[%clk 0:52:35]} Kf7 {[%clk 0:36:57]} 33. Rc7 {[%clk 0:52:27]} Qb8
{[%clk 0:36:57]} 34. Rb3 {[%clk 0:48:46]} Qd8 {[%clk 0:33:59]} 35. Rbb7
{[%clk 0:49:02]} Re8 {[%clk 0:33:55]} 36. Nc4 {[%clk 0:46:14]} Kg8
{[%clk 0:30:38]} 37. Rxe7 {[%clk 0:46:06]} Rxe7 {[%clk 0:29:56]} 38. Qxd8+
{[%clk 0:46:29]} Rxd8 {[%clk 0:30:07]} 39. Rxe7 {[%clk 0:46:55]} 1-0

[Event "2016 NSW Open"]
[Site "?"]
[Date "2016.06.13"]
[Round "2.4"]
[White "Abbott, Peter"]
[Black "Bjelobrk, Igor"]
[Result "0-1"]
[LiveChessVersion "1.4.4"]
[BlackElo "2389"]
[WhiteElo "1896"]

1. d4 {[%clk 1:30:57]} Nf6 {[%clk 1:30:48]} 2. c4 {[%clk 1:31:16]} e6
{[%clk 1:31:13]} 3. Nc3 {[%clk 1:31:32]} Bb4 {[%clk 1:31:37]} 4. e3
{[%clk 1:31:51]} O-O {[%clk 1:31:49]} 5. Nge2 {[%clk 1:32:10]} c6
{[%clk 1:32:06]} 6. a3 {[%clk 1:31:30]} Ba5 {[%clk 1:32:28]} 7. b4
{[%clk 1:30:02]} Bc7 {[%clk 1:32:52]} 8. Ng3 {[%clk 1:29:50]} d5 {[%clk 1:33:05]}
9. cxd5 {[%clk 1:28:25]} exd5 {[%clk 1:32:46]} 10. Bd3 {[%clk 1:28:19]} Nbd7
{[%clk 1:33:01]} 11. O-O {[%clk 1:22:05]} Re8 {[%clk 1:32:25]} 12. Qc2
{[%clk 1:21:03]} Nb6 {[%clk 1:31:17]} 13. b5 {[%clk 1:15:55]} cxb5
{[%clk 1:23:07]} 14. Nxb5 {[%clk 1:10:53]} Bxg3 {[%clk 1:20:28]} 15. hxg3
{[%clk 1:08:38]} Be6 {[%clk 1:12:30]} 16. Qc7 {[%clk 1:04:00]} Nc4
{[%clk 1:09:25]} 17. a4 {[%clk 0:58:53]} b6 {[%clk 1:05:15]} 18. Ba3
{[%clk 0:54:48]} a6 {[%clk 0:54:38]} 19. Qxd8 {[%clk 0:53:39]} Rexd8
{[%clk 0:55:02]} 20. Nc7 {[%clk 0:51:25]} Ra7 {[%clk 0:55:18]} 21. Nxe6
{[%clk 0:50:29]} fxe6 {[%clk 0:55:42]} 22. Rfc1 {[%clk 0:47:57]} Rc8
{[%clk 0:55:03]} 23. Bb4 {[%clk 0:44:05]} Rac7 {[%clk 0:45:25]} 24. Kf1
{[%clk 0:41:49]} Nxe3+ {[%clk 0:45:00]} 25. fxe3 {[%clk 0:41:26]} Rxc1+
{[%clk 0:45:23]} 26. Rxc1 {[%clk 0:41:53]} Rxc1+ {[%clk 0:45:47]} 27. Ke2
{[%clk 0:42:09]} a5 {[%clk 0:46:06]} 28. Bd6 {[%clk 0:41:55]} Ne4
{[%clk 0:46:07]} 29. Bb5 {[%clk 0:40:34]} Nxd6 {[%clk 0:46:28]} 0-1